000 01057cab a2200217 4500
001 ##E135038
008 060616n2006 000 0 eng u
035 _a(Sirsi) u135038
041 0 _aeng
110 1 _aLondon
_bGreater London Authority
_93989
245 0 0 _aIndependent panel endorses Mayor's housing and waste targets
260 _c2006
490 0 _aGLA Press Release
_v(462) 19 September 2006
520 _aThe Mayor of London welcomed the solid backing of an independent panel for his proposals to increase London's annual housing provision target from 23 000 to 30 650 new homes and for his radical and forward thinking strategy on waste management, that will see London manage 85% of its waste by 2020.
590 _aIKA031006
651 4 _aLONDON
690 _aENVIRONMENTAL AND LAND CONSULTANCY-WASTE MANAGEMENT
690 _aPROPERTY-RESIDENTIAL PROPERTY-RESIDENTIAL PROPERTY DEVELOPMENT
856 4 0 _uhttps://www.london.gov.uk/view_press_release.jsp?releaseid=9208
_zView the item free of charge at www.london.gov.uk...
942 _n0
999 _c77762
_d77762